000 00211 a2200097 4500
001 30363
100 _aShakespeare
245 _aSelected Plays
260 _aNewyork
_bAmerican Book Co
_c
090 _c20316
_d20316
942 _aNUST-CAE
_cM
_c11466
999 _c265436
_d265436